| 000 | 00869nam a2200217 4500 | ||
|---|---|---|---|
| 008 | 051220s1981 cau b 001 0 eng | ||
| 020 | _a0060647604 :vol. 1 | ||
| 090 |
_aBF723.M54 _bK82p |
||
| 100 | 1 |
_aKohlberg, Lawrence, _d1927- |
|
| 245 | 1 | 4 |
_aThe philosophy of moral development : _bmoral stages and the idea of justice / _cLawrence Kohlberg. |
| 260 |
_aSan Francisco : _bHarper & Row, _cc1981. |
||
| 300 |
_axxxv, 441 p. ; _c21 cm. |
||
| 490 | 1 |
_aEssays on moral development ; _vv. 1 |
|
| 500 | _aIncludes index. | ||
| 504 | _a"Bibliography of writings by Lawrence Kohlberg": p. [423]-428. | ||
| 504 | _aBibliography: p. [413]-422. | ||
| 650 | 4 | _aJustice (Philosophy) | |
| 650 | 4 | _aMoral development. | |
| 800 | 1 |
_aKohlberg, Lawrence, _d1927- _tEssays on moral development ; _vv. 1. |
|
| 951 |
_p29040 _x00032081 _oBF723.M54/K82p-I _j070613111535140 _d2000-12-21 _cGC |
||
| 999 |
_c25533 _d25533 |
||